• 首页
  • 本馆介绍
  • 公告通知
  • 最新文献
  • 馆藏检索
  • 电子资源
  • 读者导购
  • 参考咨询
  • 我的图书馆
  • 登录
  • 详细信息显示
  • 放入我的书架
  • 预约/预借图书
  • 作者相关作品
  • 分类相关作品
  • 丛书相关作品
  • 出版社相关作品

书目信息

  • 表格格式
  • 工作单格式
  • 卡片格式
题名:
世界银行重要文件资料汇编
    
 
作者: ;财政部外事财务司世界银行处 编译
分册: 第一集  
出版信息: 北京   中国财政经济出版社  1983
页数: 182页
开本: 21cm
丛书名:
单 册:
中图分类: F830.1
科图分类:
主题词: 金融 , 银行
电子资源:
ISBN:
000 00806nam0 2200265 45
001 0183009784
005 20040428111415.5
010    @dCNY0.70
091    @a4166.421
100    @a19950929d1983 k y0chiy0121 ea
101 1  @achi
102    @aCN@b110000
105    @ay i 000yy
106    @ar
200 10 @a世界银行重要文件资料汇编@h第一集@Ashi jie yin hang zhong yao wen jian zi liao hui bian@f财政部外事财务司世界银行处编译
210    @a北京@c中国财政经济出版社@d1983
215    @a182页@d21cm
601 02 @a国际开发银行@y文件@x汇编
606 0  @a金融
606 0  @a银行
690    @aF830.1
711 02 @a财政部外事财务司世界银行处@Acai zheng bu wai shi cai wu si shi jie yin hang chu@4编译
801  0 @aCN@b上海图书馆@c20040428
801  2 @aCN@bNLC@c20040428
905    @f1@b91731@dF830.1@e1:1
    
    世界银行重要文件资料汇编.第一集/财政部外事财务司世界银行处编译.-北京:中国财政经济出版社,1983
    182页;21cm
    
    
    ISBN :CNY0.70
    
●
相关链接 在E读中查询图书 在五车中查询图书 在当当中查询图书 在豆瓣中查询图书


正题名:世界银行重要文件资料汇编     索取号:F830.1/1:1         预约/预借

序号 登录号 条形码 馆藏地/架位号 状态 备注
1 0091731   000491159   第一借阅区/ [索取号:F830.1/1:1] 在馆    
2 0091732   000491140   第一样本阅览室/ [索取号:F830.1/1:1] 在馆    
唐山师范学院图书馆 欢迎您!
大连网信软件有限公司© 版权所有